00266nam a22001097a 4500003000500000038001100005082001700016100002400033245004500057260004100102300001300143NUST awaseem a891.421bNOO aNoor, Muhammad Noor aKehra Dard Vandaiy /cNoor Muhammad Noor aChandigarh :bUnistars Book,c[s.l]. a103 p. ;